Political Parties of South Africa - Statistics

General Stats
  • This quiz has been taken 11 times
  • The average score is 6 of 18
Answer Stats
Number of Seats in Parliament (Hint) Answer % Correct
A: 159/400C: 43/90 African National Congress (ANC)
100%
A: 87/400C: 21/90 Democratic Alliance (DA)
91%
A: 39/400C: 10/90 Economic Freedom Fighters (EFF)
64%
A: 58/400C: 9/90 uMkhonto we Sizwe (MK)
55%
A: 1/400C: 0/90 Good Party (GOOD)
45%
A: 9/400C: 2/90 Patriotic Alliance (PA)
45%
A: 6/400C: 2/90 Freedom Front Plus (VF+)
36%
A: 17/400C: 2/90 Inkatha Freedom Party (IFP)
36%
A: 3/400C: 0/90 African Christian Democratic Party (ACDP)
27%
A: 1/400C: 0/90 Pan Africanist Congress of Azania (PAC)
27%
A: 6/400C: 1/90 Action South Africa (ACTIONSA)
18%
A: 2/400C: 0/90 African Transformation Movement (ATM)
18%
A: 2/400C: 0/90 Rise Mzansi (RISE)
18%
A: 3/400C: 1/90 United Democratic Movement (UDM)
18%
A: 2/400C: 0/90 Al Jama-Ah (AL JAMA-AH)
9%
A: 2/400C: 0/90 Build One South Africa (BOSA)
9%
A: 1/400C: 0/90 United Africans Transformation (UAT)
9%
A: 2/400C: 0/90 National Coloured Congress (NCC)
0%
No matching quizzes found
Score Distribution
Percent of People with Each Score
Percentile by Number Answered
Your Score History
You have not taken this quiz